Early revegetation and nutrient dynamics following the 1971 Little Sioux Forest fire in northeastern Minnesota /

Bibliographic Details
Main Author: Ohmann, L. F.
Other Authors: Grigal, D. F.
Format: Book
Language:English
Published: Washington, D.C. : Society of American Foresters, 1979.
Series:Forest science. Monograph ; 21.
Subjects:

MARC

Tag First Indicator Second Indicator Subfields
LEADER 00000cam a2200000 a 4500
001 in00000079166
005 20151008060744.0
008 820521s1979 dcua b 00010 eng
010 |a  81186732  
035 |a (OCoLC)05864488 
035 |9 AAJ6497AM 
039 0 |a 2  |b 3  |c 3  |d 3  |e 3 
040 |a DLC  |c DLC  |d TXA  |d UtOrBLW 
043 |a n-us-mn 
049 |a TXAM  |c [387630] 
050 0 0 |a QK168  |b .O35 
082 0 |a 581.5/2642  |2 19 
090 |a QK413.M6  |b O35 
100 1 |a Ohmann, L. F. 
245 1 0 |a Early revegetation and nutrient dynamics following the 1971 Little Sioux Forest fire in northeastern Minnesota /  |c by Lewis F. Ohmann, David F. Grigal. 
264 1 |a Washington, D.C. :  |b Society of American Foresters,  |c 1979. 
300 |a 80 pages :  |b illustrations ;  |c 26 cm. 
336 |a text  |b txt  |2 rdacontent 
337 |a unmediated  |b n  |2 rdamedia 
338 |a volume  |b nc  |2 rdacarrier 
490 1 |a Monograph / Forest science ;  |v 21 
500 |a "Supplement to Forest science, volume 25, number 4, December 1979"--Cover. 
504 |a Bibliography: pages 75-80. 
650 0 |a Reforestation  |z Minnesota. 
650 0 |a Revegetation  |z Minnesota. 
650 0 |a Forest fires  |z Minnesota. 
650 0 |a Forest ecology  |z Minnesota. 
700 1 |a Grigal, D. F. 
830 0 |a Forest science.  |p Monograph ;  |v 21. 
999 |a MARS 
999 f f |s 143d09a5-a23e-392c-93e2-fe02869839a0  |i 8e1be1cd-2d39-3936-983f-94a44395342e  |t 0 
952 f f |p ric  |a Texas A&M University  |b Rellis Campus  |c Joint Library Facility  |d Remote Storage  |t 0  |e QK413.M6 O35  |h Library of Congress classification  |i unmediated -- volume  |m A14812142433 
998 f f |a QK413.M6 O35  |t 0  |l Remote Storage